Rising - tripleS - English Lyrics - Statistics

General Stats
  • This quiz has been taken 96 times
  • The average score is 80 of 114
Answer Stats
Answer % Correct
I
95%
(I
95%
you
91%
You
91%
it
90%
it,
90%
rising
90%
deja
88%
me
88%
vu
88%
make
83%
true
78%
Just
76%
just
76%
let
76%
see
76%
now
72%
now)
72%
one
72%
One
72%
la-la
71%
La-la-la
71%
go
66%
lying
66%
baby
60%
fight
59%
Ooh,
59%
and
57%
And
57%
don't
55%
mind
55%
never
55%
day
53%
feeling
53%
only,
53%
stop
53%
recover
52%
can
47%
I'm
45%
today
43%
try
40%
closer
38%
follow
38%
like
36%
move
36%
raise
36%
dream
34%
Always
33%
reaction
33%
what
33%
acting
22%
But
22%
Ayy
19%
(ayy)
19%
route,
19%
No matching quizzes found
Score Distribution
Percent of People with Each Score
Percentile by Number Answered
Your Score History
You have not taken this quiz